| 000 | 01705nam a22003137a 4500 | ||
|---|---|---|---|
| 999 |
_c26817 _d26817 |
||
| 005 | 20200316145648.0 | ||
| 010 | _aB-327598-609 | ||
| 020 |
_a8189369555(V.I) _c360.00 (each V.) |
||
| 020 |
_a8189369563(V.II) _c360.00 (each V.) |
||
| 020 |
_a8189369571(V.III) _c360.00 (each V) |
||
| 020 |
_a818936958X(V.IV) _c360.00 (each V.) |
||
| 035 | _aB-327598-600 (V.I) | ||
| 035 | _aB-327601-603 (V.II) | ||
| 035 | _aB-327604-606 (V. III) | ||
| 035 | _aB-327607-609 (V.IV) | ||
| 037 | _bآہلوواليہ بکڈپو | ||
| 082 | _aن | ||
| 100 | _aصدّيقی ، انوار | ||
| 245 |
_aامبر بيل / _cانوار صدّيقی |
||
| 246 |
_aAmbarbel / _bby Anwar Siddiqui |
||
| 260 |
_aدلّی _bکتاب والا _c2008 ء |
||
| 270 |
_a2794, Gali Jhot Wali, Pahari Bhojla _bDelhi _e110006 _k23281499,23240379,9810277298 |
||
| 300 |
_a4V.(400,408,400,384)p. _c19cm(Hb) |
||
| 942 |
_2ddc _cUR _hن _mص د ی |
||